50 films à remplir - 2007 - Statistiques

Statistiques générales
  • Ce quiz a été pris 205 fois
  • Le résultat moyen est 33 sur 50
Statistiques - réponses
Hint Réponse % Correct
Alvin et les ... Chipmunks
92%
Spider-... 3 Man
92%
Je suis une ... Légende
88%
Reviens-... Moi
88%
Harry Potter et l'Ordre du ... Phénix
88%
Ocean's ... Thirteen
86%
Pirates des Caraïbes ... : Jusqu'au bout du monde 3
85%
Le Prix à ... Payer
85%
Les Simpson, le ... film
84%
... ("Tout le monde peut cuisiner") Ratatouille
84%
Les ... de Mr. Bean Vacances
84%
... Movie : Drôle d'abeille Bee
82%
Les Rois de la ... Glisse
79%
La ... dans la peau Vengeance
78%
La ... des autres Vie
78%
Into the ... Wild
78%
Gone ... Gone Baby
75%
À la croisée des mondes : La ... d'or Boussole
73%
En ..., mode d'emploi Cloque
72%
Les ... de l'ombre Promesses
72%
Les Quatre Fantastiques et le ... d'argent Surfer
72%
No ... for Old Men Country
68%
Le ... et l'Enfant Renard
68%
Ghost ... Rider
68%
... de la mort Boulevard
65%
Die Hard 4 : ... en enfer Retour
65%
Le Secret de ... Terabithia
65%
There Will Be ... Blood
64%
99 ... Francs
64%
La ... Môme
64%
American ... Gangster
63%
... (de David Fincher) Zodiac
62%
... à prix Mi$e
61%
Shrek le ... Troisième
61%
..., c'est tout Ensemble
59%
Sweeney Todd - Le Diabolique ... de Fleet Street Barbier
58%
... Fuzz Hot
57%
Quand ... rencontre Larry Chuck
51%
La Légende de ... Beowulf
48%
[...] REC
48%
Le ... et le Papillon Scaphandre
48%
I'm Not ... There
46%
... tout-puissant Evan
45%
L'assassinat de Jesse James par le ... Robert Ford Lâche
45%
This is ... England
43%
... ce samedi-là 7h58
42%
À bord du ... Limited Darjeeling
41%
... pour Yuma 3h10
40%
Super... Grave
35%
Il était une fois Fois
29%
Aucun quiz correspondant
Distribution des résultats
% des personnes avec chaque résultat
Percentile par nombre de réponses
Votre historique - résultats
Vous n’avez pas pris ce quiz